000 00626nam a2200193Ia 4500
999 _c34502
_d34502
003 GCL
005 20240530102751.0
008 140319s9999 xx 000 0 ara d
040 _aGCL /
_cGCL
082 0 4 _a210/
_bم إ
100 1 _aمحمد رجب البيومى
245 1 0 _aصفحات هادفة من التاريخ الاسلامى /
_cمحمد رجب البيومى
260 _a[S.N] :
_bالمؤسسة العربية الحديثة ،
_c1988
490 _aاسلاميات
_v0
650 0 4 _aالاسلام
650 0 4 _aالسيرة النبوية
650 0 4 _aالنظام القضائى
942 _2ddc
_cBK